000 00455cam a22001574a 4500
005 20250605163504.0
008 250528s ||||||||||||||||||||||||d
035 _a20343
040 _aGR-AtMCL
_bgre
_dGR-AtMCL
_eAACR2
245 1 _aΟ Άγιος Βασίλης και τα Αγγελούδια / Ένα Τρισδιάστατο Βιβλίο
260 _bJumbo Trading Limited,
_c2014
300 _a3
942 _cBK
999 _c5465
_d5465